Southville International School and Colleges
Your cart is empty.
  • Cart
  • Lists
    Public lists Eva Luna New books Lux_list list_1
    Your lists Log in to create your own lists
  • Log in to your account
  • Your cookies
  • Search history
Southville International School and Colleges
  • Advanced search
  • Recent comments
  • Most popular
  • Libraries

Log in to your account

Log in with GOOGLE


If you do not have an external account, but do have a local account, you can still log in:

  1. Home
  2. MARC view: Elementary statistics /
Normal view MARC view ISBD view

Elementary statistics / (Record no. 115781)

[ view plain ]
MARC details
000 -LEADER
fixed length control field 00492nam a22001817a 4500
003 - CONTROL NUMBER IDENTIFIER
control field OSt
005 - DATE AND TIME OF LATEST TRANSACTION
control field 20140505163433.0
008 - FIXED-LENGTH DATA ELEMENTS--GENERAL INFORMATION
fixed length control field 130201t xxu||||| |||| 00| 0 eng d
020 ## - INTERNATIONAL STANDARD BOOK NUMBER
International Standard Book Number 9712336549
050 ## - LIBRARY OF CONGRESS CALL NUMBER
Classification number QA 276.12
Item number .B645 2009
100 ## - MAIN ENTRY--PERSONAL NAME
Personal name Blay, Basilia Ebora
245 ## - TITLE STATEMENT
Title Elementary statistics /
Statement of responsibility, etc Basilia Ebora Blay.
260 ## - PUBLICATION, DISTRIBUTION, ETC. (IMPRINT)
Place of publication, distribution, etc Pasig City, Philippines :
Name of publisher, distributor, etc Anvil Publishing,
Date of publication, distribution, etc c2009.
300 ## - PHYSICAL DESCRIPTION
Extent 196 p. :
Dimensions 26 cm.
Other physical details ill. ;
562 ## - COPY AND VERSION IDENTIFICATION NOTE
Number of copies 1
942 ## - ADDED ENTRY ELEMENTS (KOHA)
Source of classification or shelving scheme Library of Congress Classification
Koha item type Books
Holdings
Withdrawn status Lost status Source of classification or shelving scheme Damaged status Home library Current library Shelving location Date acquired Sub Shelving location Total Checkouts Full call number Barcode Date last seen Copy number Price effective from Koha item type
    Library of Congress Classification   Luxembourg Library Luxembourg Library Filipiniana Section 05/05/2014     QA 276.12 .B645 2009 18474 05/05/2014 1 05/05/2014 Books

Elementary statistics /

APA

Blay B. E., . (2009). Elementary statistics. Pasig City, Philippines: Anvil Publishing.

Chicago

Blay Basilia Ebora, . 2009. Elementary statistics. Pasig City, Philippines: Anvil Publishing.

Harvard

Blay B. E., . (2009). Elementary statistics. Pasig City, Philippines: Anvil Publishing.

MLA

Blay Basilia Ebora, . Elementary statistics. Pasig City, Philippines: Anvil Publishing. 2009.

  • Place hold
  • Print
  • Cite
  • Add to your cart (remove)
  • Save record
    BIBTEX Dublin Core MARCXML MARC (non-Unicode/MARC-8) MARC (Unicode/UTF-8) MARC (Unicode/UTF-8, Standard) MODS (XML) RIS
  • More searches
    Search for this title in:
    Other Libraries (WorldCat) Other Databases (Google Scholar) Online Stores (Bookfinder.com) Open Library (openlibrary.org)

Exporting to Dublin Core...

SOUTHVILLE LIBRARY

Southville International School and Colleges Library

1281 Tropical Ave. Cor. Luxembourg St., BF Homes International, Las Pinas City

Tel. No. 8256374 / 252358 Loc. 117/146

Powered by Koha